[Event "Presolana op 38th"]
[Site "Presolana"]
[Date "2018.08.24"]
[Round "7"]
[White "Favaloro, Andrea"]
[Black "Ranieri, Fabrizio"]
[Result "1/2-1/2"]
[WhiteElo "2223"]
[BlackElo "2219"]
[PlyCount "25"]
[EventDate "2018.08.18"]
[EventType "swiss"]
[EventRounds "9"]
[EventCountry "ITA"]
[SourceTitle "CBM 186 Extra"]
[Source "ChessBase"]
[SourceDate "2018.08.24"]
[SourceVersion "1"]
[SourceVersionDate "2018.08.24"]
[SourceQuality "1"]

1. e4 e6 2. d4 d5 3. Nc3 Bb4 4. Nge2 Nf6 5. e5 Nfd7 6. a3 Be7 7. Nb1 c5 8. c3 Nc6 9. g3 0-0 10. Bh3 cxd4 11. cxd4 f5 12. exf6 Nxf6 13. Nbc3 1/2-1/2

[Event "Presolana op 38th"]
[Site "Presolana"]
[Date "2018.08.20"]
[Round "3"]
[White "Sulava, Nenad"]
[Black "Ranieri, Fabrizio"]
[Result "1/2-1/2"]
[WhiteElo "2447"]
[BlackElo "2219"]
[PlyCount "69"]
[EventDate "2018.08.18"]
[EventType "swiss"]
[EventRounds "9"]
[EventCountry "ITA"]
[SourceTitle "CBM 186 Extra"]
[Source "ChessBase"]
[SourceDate "2018.08.24"]
[SourceVersion "1"]
[SourceVersionDate "2018.08.24"]
[SourceQuality "1"]

1. d4 e6 2. Nf3 d5 3. Bf4 Nf6 4. e3 Be7 5. Nbd2 c5 6. c3 Nc6 7. Bd3 b6 8. Ne5 Nxe5 9. dxe5 Nd7 10. Qg4 g6 11. h4 Qc7 12. Nf3 Bb7 13. Ng5 Bxg5 14. hxg5 0-0-0 15. Be2 Kb8 16. f3 Ka8 17. Kf2 Nb8 18. Bg3 Ba6 19. Bxa6 Nxa6 20. Rh4 Nb8 21. Rah1 Nc6 22. Rxh7 Rxh7 23. Rxh7 Rd7 24. Kg1 Kb7 25. Qf4 d4 26. exd4 cxd4 27. cxd4 Nxd4 28. Kh2 Nf5 29. Bf2 Qd8 30. a4 Qg8 31. Qe4+ Rd5 32. Rh3 Qc8 33. Rh7 Qg8 34. Rh3 Qc8 35. Rh7 1/2-1/2

[Event "Arvier Amatori op 6th"]
[Site "Arvier"]
[Date "2016.01.04"]
[Round "3"]
[White "Marguerettaz, Davy"]
[Black "Ranieri, Fabrizio"]
[Result "1/2-1/2"]
[WhiteElo "2163"]
[BlackElo "2284"]
[PlyCount "57"]
[EventDate "2016.01.03"]
[EventType "swiss"]
[EventRounds "5"]
[EventCountry "ITA"]
[SourceTitle "EXT 2017"]
[Source "ChessBase"]
[SourceDate "2016.10.25"]
[SourceVersion "1"]
[SourceVersionDate "2016.10.25"]
[SourceQuality "1"]

1. d4 e6 2. e4 d5 3. Nc3 Bb4 4. e5 c5 5. a3 Bxc3+ 6. bxc3 Qc7 7. Nf3 Ne7 8. Bd3 b6 9. 0-0 Ba6 10. Bxa6 Nxa6 11. a4 Nb8 12. a5 bxa5 13. Ba3 Nd7 14. dxc5 Nxc5 15. Qd4 Rc8 16. Rfb1 0-0 17. Rb5 Ne4 18. c4 Rfd8 19. Rab1 Nf5 20. Qb2 Qxc4 21. Rxa5 Nc3 22. Re1 Rb8 23. Qa1 Rb7 24. Rc5 Ne2+ 25. Kf1 Neg3+ 26. Kg1 Ne2+ 27. Kf1 Neg3+ 28. Kg1 Ne2+ 29. Kf1 1/2-1/2

[Event "Bratto op 35th"]
[Site "Bratto"]
[Date "2015.08.27"]
[Round "6"]
[White "Ranieri, Fabrizio"]
[Black "Sveshnikov, Vladimir"]
[Result "1/2-1/2"]
[WhiteElo "2256"]
[BlackElo "2352"]
[PlyCount "61"]
[EventDate "2015.08.22"]
[EventType "swiss"]
[EventRounds "9"]
[EventCountry "ITA"]
[SourceTitle "EXT 2016"]
[Source "ChessBase"]
[SourceDate "2015.10.08"]
[SourceVersion "1"]
[SourceVersionDate "2015.10.08"]
[SourceQuality "1"]

1. e4 c6 2. d4 d5 3. exd5 cxd5 4. c4 Nf6 5. Nc3 g6 6. cxd5 Bg7 7. Be2 Nxd5 8. Nf3 0-0 9. 0-0 Nc6 10. Qb3 Nxc3 11. bxc3 Qc7 12. Bg5 Be6 13. Qa3 Bd5 14. Rac1 h6 15. Bh4 f5 16. h3 f4 17. Qc5 Rad8 18. Bc4 Bf7 19. d5 g5 20. Bxg5 hxg5 21. dxc6 Qxc6 22. Bxf7+ Rxf7 23. Qxc6 bxc6 24. Nxg5 Rf5 25. Ne4 f3 26. Rfd1 Rfd5 27. Re1 fxg2 28. Kxg2 Kf7 29. c4 Ra5 30. Rc2 Bh6 31. Ng3 1/2-1/2

[Event "Bratto op 35th"]
[Site "Bratto"]
[Date "2015.08.23"]
[Round "2"]
[White "Janev, Evgeni"]
[Black "Ranieri, Fabrizio"]
[Result "0-1"]
[WhiteElo "2409"]
[BlackElo "2256"]
[PlyCount "102"]
[EventDate "2015.08.22"]
[EventType "swiss"]
[EventRounds "9"]
[EventCountry "ITA"]
[SourceTitle "EXT 2016"]
[Source "ChessBase"]
[SourceDate "2015.10.08"]
[SourceVersion "1"]
[SourceVersionDate "2015.10.08"]
[SourceQuality "1"]

1. e4 e6 2. Qe2 c5 3. Nf3 Nc6 4. g3 g6 5. Bg2 Bg7 6. 0-0 Nge7 7. d3 0-0 8. c3 e5 9. a3 d6 10. b4 h6 11. Nbd2 Be6 12. Rb1 b6 13. Bb2 a6 14. Rfd1 b5 15. Ba1 Qb6 16. Qe3 Qa7 17. bxc5 dxc5 18. Nb3 Bxb3 19. Rxb3 Rfd8 20. Rbb1 Na5 21. Bf1 Nec6 22. Be2 Qe7 23. Bb2 Nb3 24. Nd2 Nxd2 25. Rxd2 Rd7 26. Bc1 h5 27. Bd1 Rad8 28. Bc2 Kh7 29. Re2 Qf8 30. Qf3 Na5 31. g4 hxg4 32. Qxg4 c4 33. Re3 Kg8 34. Qh3 Bh6 35. d4 exd4 36. cxd4 Rxd4 37. e5 Nb3 38. e6 Rd1+ 39. Kg2 Bxe3 40. Bb2 Bd4 41. exf7+ Qxf7 42. Rxd1 Qxf2+ 43. Kh1 Re8 44. Bxd4 Nxd4 45. Bxg6 Re1+ 46. Rxe1 Qxe1+ 47. Kg2 Qd2+ 48. Kf1 Qe2+ 49. Kg1 Nf3+ 50. Kh1 Qe1+ 51. Kg2 Nh4+ 0-1

[Event "Arvier Amatori op 5th"]
[Site "Arvier"]
[Date "2015.01.03"]
[Round "2"]
[White "Ranieri, Fabrizio"]
[Black "Baloire, Endy"]
[Result "1/2-1/2"]
[WhiteElo "2266"]
[BlackElo "1960"]
[PlyCount "87"]
[EventDate "2015.01.02"]
[EventType "swiss"]
[EventRounds "5"]
[EventCountry "ITA"]
[SourceTitle "EXT 2017"]
[Source "ChessBase"]
[SourceDate "2016.10.25"]
[SourceVersion "1"]
[SourceVersionDate "2016.10.25"]
[SourceQuality "1"]

1. e4 c6 2. d4 d5 3. exd5 cxd5 4. c4 Nf6 5. Nc3 Nc6 6. Bg5 Be6 7. a3 g6 8. Bxf6 exf6 9. Be2 Bh6 10. Bf3 Ne7 11. c5 0-0 12. Nge2 Qd7 13. 0-0 a5 14. Na4 Rab8 15. Nec3 Bf4 16. Nb6 Qc6 17. b4 axb4 18. axb4 Rfd8 19. Qb3 Bc7 20. b5 Qe8 21. Nba4 Qd7 22. g3 b6 23. Rfd1 h5 24. Qb4 Kg7 25. cxb6 Bxb6 26. Nc5 Bxc5 27. dxc5 Bg4 28. Bxg4 hxg4 29. Ra4 Rdc8 30. Qd4 Rxb5 31. Nxb5 Qxb5 32. Rc1 Nf5 33. Qb4 Qc6 34. Qxg4 d4 35. Ra7 Qd5 36. Qf4 Rxc5 37. Rxc5 Qxc5 38. Qc7 Qd5 39. Qd7 Qb3 40. Qe8 Qd1+ 41. Kg2 Ne3+ 42. fxe3 Qe2+ 43. Kg1 Qe1+ 44. Kg2 1/2-1/2

[Event "Bratto op 34th"]
[Site "Bratto"]
[Date "2014.08.24"]
[Round "3"]
[White "Stopa, Jacek"]
[Black "Ranieri, Fabrizio"]
[Result "1-0"]
[WhiteElo "2498"]
[BlackElo "2247"]
[PlyCount "71"]
[EventDate "2014.08.22"]
[EventType "swiss"]
[EventRounds "9"]
[EventCountry "ITA"]
[SourceTitle "CBM 162 Extra"]
[Source "ChessBase"]
[SourceDate "2014.10.17"]
[SourceVersion "1"]
[SourceVersionDate "2014.10.17"]
[SourceQuality "1"]

1. f4 e6 2. Nf3 d5 3. g3 Nf6 4. Bg2 Be7 5. 0-0 0-0 6. d3 c5 7. Nc3 Nc6 8. e4 a6 9. Ne5 Qc7 10. Nxc6 bxc6 11. b3 a5 12. Na4 Ba6 13. c4 Rfd8 14. Qf3 Bc8 15. Bb2 Ne8 16. Kh1 Qa7 17. Rae1 Nc7 18. Bc3 Rb8 19. g4 Na8 20. Be5 Rb7 21. exd5 cxd5 22. f5 Bf8 23. Nc3 Rbd7 24. fxe6 fxe6 25. Bg3 Bb7 26. Bh4 dxc4 27. Ne4 Bxe4 28. Qxe4 Re8 29. dxc4 Nb6 30. Qc6 Bd6 31. Rd1 Rc8 32. Qe4 Re8 33. Rd3 Qc7 34. Rh3 g6 35. Bf6 Rf7 36. Qxg6+ 1-0

[Event "Bratto op 34th"]
[Site "Bratto"]
[Date "2014.08.23"]
[Round "2"]
[White "Ranieri, Fabrizio"]
[Black "Janev, Evgeni"]
[Result "1-0"]
[WhiteElo "2247"]
[BlackElo "2439"]
[PlyCount "65"]
[EventDate "2014.08.22"]
[EventType "swiss"]
[EventRounds "9"]
[EventCountry "ITA"]
[SourceTitle "EXT 2016"]
[Source "ChessBase"]
[SourceDate "2015.10.08"]
[SourceVersion "1"]
[SourceVersionDate "2015.10.08"]
[SourceQuality "1"]

1. e4 Nf6 2. Nc3 e5 3. Nf3 d6 4. d4 exd4 5. Nxd4 Be7 6. Bc4 0-0 7. 0-0 c6 8. a4 Re8 9. Re1 Bf8 10. Bg5 Nbd7 11. a5 Ne5 12. Bb3 h6 13. Bh4 Bd7 14. h3 Rc8 15. Bg3 Qc7 16. Kh1 Rcd8 17. f4 Ng6 18. Qf3 Bc8 19. Bf2 Nd7 20. h4 Nf6 21. h5 Bg4 22. hxg6 Bxf3 23. gxf7+ Kh7 24. fxe8Q Bxg2+ 25. Kxg2 Rxe8 26. Ne6 Qd7 27. f5 d5 28. exd5 Bb4 29. Red1 Bxc3 30. bxc3 Qf7 31. Ng5+ hxg5 32. dxc6 Nd5 33. Rxd5 1-0

[Event "Vercelli op"]
[Site "Vercelli"]
[Date "2014.06.15"]
[Round "4"]
[White "Rossini, Fulvio"]
[Black "Ranieri, Fabrizio"]
[Result "1/2-1/2"]
[WhiteElo "1827"]
[BlackElo "2282"]
[PlyCount "213"]
[EventDate "2014.06.13"]
[EventType "swiss"]
[EventRounds "5"]
[EventCountry "ITA"]
[SourceTitle "EXT 2024"]
[Source "ChessBase"]
[SourceDate "2023.10.10"]
[SourceVersion "1"]
[SourceVersionDate "2023.10.10"]
[SourceQuality "1"]

1. e4 e6 2. d4 d5 3. exd5 exd5 4. Bd3 Bd6 5. Nf3 Bg4 6. 0-0 Nc6 7. c3 Nge7 8. Be3 Qd7 9. Nbd2 0-0-0 10. b4 Ng6 11. a4 Nce7 12. Qb3 Nf4 13. Bxf4 Bxf4 14. b5 Ng6 15. a5 Bxd2 16. Nxd2 Nf4 17. b6 a6 18. bxc7 Qxc7 19. c4 Kb8 20. Rfe1 dxc4 21. Bxc4 Rxd4 22. Bxa6 Rxd2 23. Rac1 Re2 24. Rf1 Qe7 25. Rb1 Bc8 26. Bxe2 Nxe2+ 27. Kh1 Qe6 28. Qxe6 fxe6 29. a6 Rd8 30. axb7 Bxb7 31. Rb2 Nd4 32. Rfb1 Rd7 33. Rd2 Rd5 34. Rdb2 Rd7 35. Rd2 e5 36. f4 Re7 37. fxe5 Nc6 38. Re2 Kc7 39. Kg1 Rxe5 40. Rxe5 Nxe5 41. h3 Bd5 42. Ra1 Kd6 43. Ra7 Nd7 44. Kf2 Be6 45. g4 Ke5 46. Kg3 Kf6 47. Ra6 Ne5 48. Ra7 h6 49. Ra6 g6 50. Rb6 Nf7 51. Ra6 Ke5 52. Ra5+ Bd5 53. Ra6 Nd6 54. Rb6 Be4 55. Rb8 Bd3 56. Rh8 Nf7 57. Re8+ Kf6 58. Rb8 Nd6 59. Rd8 Ke7 60. Rh8 Nf7 61. Rb8 Bc4 62. Rb7+ Kf6 63. Rb6+ Be6 64. Ra6 Ke5 65. Ra5+ Bd5 66. Ra6 Nd6 67. Ra7 Ne4+ 68. Kh2 Kf4 69. Rh7 Kg5 70. Rh8 Nf6 71. Rf8 Ne4 72. Rh8 h5 73. gxh5 gxh5 74. Rf8 Be6 75. Rf3 Bf5 76. Rf1 Nc3 77. Rf3 Ne2 78. Rf2 Nf4 79. Rf3 Be4 80. Rb3 Nd5 81. Rb5 Kf4 82. Rb8 Ne3 83. Rf8+ Nf5 84. Rf7 Ke3 85. Rh7 Bf3 86. Rh8 Kf2 87. Rb8 Ne3 88. Rb2+ Be2 89. Ra2 Nf5 90. Rb2 Nd4 91. Ra2 Nf3+ 92. Kh1 Kf1 93. Ra1+ Ne1 94. Kh2 Kf2 95. Ra2 h4 96. Rb2 Nf3+ 97. Kh1 Ke3 98. Rb3+ Bd3 99. Kg2 Nd4 100. Ra3 Ke4 101. Ra4 Be2 102. Kf2 Bb5 103. Rxd4+ Kxd4 104. Kf3 Bd7 105. Kf4 Bxh3 106. Kg5 Bg4 107. Kxh4 1/2-1/2

[Event "Arvier Amatori op 4th"]
[Site "Arvier"]
[Date "2014.01.04"]
[Round "4"]
[White "Marguerettaz, Davy"]
[Black "Ranieri, Fabrizio"]
[Result "1-0"]
[WhiteElo "2188"]
[BlackElo "2278"]
[PlyCount "87"]
[EventDate "2014.01.02"]
[EventType "swiss"]
[EventRounds "5"]
[EventCountry "ITA"]
[SourceTitle "EXT 2015"]
[Source "ChessBase"]
[SourceDate "2014.11.20"]
[SourceVersion "1"]
[SourceVersionDate "2014.11.20"]
[SourceQuality "1"]

1. d4 d5 2. c4 e6 3. Nc3 Nf6 4. cxd5 exd5 5. Bg5 Be7 6. e3 c6 7. Bd3 Nbd7 8. Qc2 0-0 9. Nf3 Re8 10. h3 Nf8 11. Bf4 a6 12. Ne5 c5 13. 0-0 Ne6 14. dxc5 Nxf4 15. exf4 Bxc5 16. Nxd5 Qxd5 17. Bc4 Rxe5 18. Bxd5 Rxd5 19. Rad1 Bf5 20. Qc4 Rad8 21. Qxc5 Rxd1 22. Qxf5 R1d5 23. Qc2 h5 24. Re1 Rd2 25. Qb3 R8d7 26. Rc1 h4 27. f5 R2d5 28. Rc8+ Kh7 29. Qb4 Rxf5 30. Qxh4+ Rh5 31. Qc4 Rhd5 32. Rc7 Rxc7 33. Qxc7 Rd7 34. Qc2+ Kg8 35. Qc8+ Kh7 36. g4 Re7 37. h4 Ne8 38. h5 Nd6 39. Qd8 Re1+ 40. Kg2 Rd1 41. g5 Rd2 42. h6 Ne4 43. Qf8 Rxf2+ 44. Kg1 1-0

[Event "Arvier Amatori op 4th"]
[Site "Arvier"]
[Date "2014.01.03"]
[Round "3"]
[White "Ranieri, Fabrizio"]
[Black "Ciuffoletti, Paolo"]
[Result "1-0"]
[WhiteElo "2278"]
[BlackElo "2182"]
[PlyCount "55"]
[EventDate "2014.01.02"]
[EventType "swiss"]
[EventRounds "5"]
[EventCountry "ITA"]
[SourceTitle "EXT 2015"]
[Source "ChessBase"]
[SourceDate "2014.11.20"]
[SourceVersion "1"]
[SourceVersionDate "2014.11.20"]
[SourceQuality "1"]

1. e4 c5 2. Nf3 Nc6 3. d4 cxd4 4. Nxd4 Nf6 5. Nc3 e5 6. Nf3 Bb4 7. Bc4 d6 8. 0-0 Be6 9. Qd3 Bxc4 10. Qxc4 Bxc3 11. bxc3 d5 12. exd5 Qxd5 13. Qb3 0-0 14. Ba3 Rfd8 15. c4 Qe6 16. Qxb7 Rab8 17. Qa6 Rb6 18. Qa4 e4 19. Ng5 Qe5 20. c5 Rbb8 21. Qxc6 Qxg5 22. Rad1 e3 23. Qf3 Ng4 24. fxe3 Qxe3+ 25. Qxe3 Nxe3 26. Rxd8+ Rxd8 27. Rb1 Nxc2 28. c6 1-0

[Event "Arvier Amatori op 4th"]
[Site "Arvier"]
[Date "2014.01.02"]
[Round "1"]
[White "Ranieri, Fabrizio"]
[Black "Benazzo, Angelo"]
[Result "1-0"]
[WhiteElo "2278"]
[BlackElo "1771"]
[PlyCount "71"]
[EventDate "2014.01.02"]
[EventType "swiss"]
[EventRounds "5"]
[EventCountry "ITA"]
[SourceTitle "EXT 2015"]
[Source "ChessBase"]
[SourceDate "2014.11.20"]
[SourceVersion "1"]
[SourceVersionDate "2014.11.20"]
[SourceQuality "1"]

1. e4 g6 2. d4 Bg7 3. Nc3 d6 4. Be3 Nd7 5. Qd2 e6 6. f4 Ne7 7. 0-0-0 a6 8. g4 b5 9. Bg2 Bb7 10. e5 Bxg2 11. Qxg2 d5 12. h4 Nb6 13. h5 Qd7 14. hxg6 hxg6 15. Rxh8+ Bxh8 16. Kb1 b4 17. Nce2 Qb5 18. Bc1 a5 19. Nf3 a4 20. Rh1 Kd7 21. Ng5 b3 22. Nxf7 bxa2+ 23. Ka1 Bg7 24. Rh7 Bf8 25. f5 gxf5 26. gxf5 Kc6 27. fxe6 Nc4 28. Nc3 Qb6 29. Nxa2 Rb8 30. c3 Nf5 31. e7 Nxe7 32. Nb4+ Kb5 33. Nd6+ cxd6 34. Rxe7 a3 35. b3 Na5 36. Qxd5+ 1-0

[Event "Ivrea Autumn Cup 24th"]
[Site "Ivrea"]
[Date "2013.12.05"]
[Round "9"]
[White "Bonardo, Davide"]
[Black "Ranieri, Fabrizio"]
[Result "0-1"]
[WhiteElo "1694"]
[BlackElo "2277"]
[PlyCount "68"]
[EventDate "2013.10.10"]
[EventType "swiss"]
[EventRounds "9"]
[EventCountry "ITA"]
[SourceTitle "EXT 2017"]
[Source "ChessBase"]
[SourceDate "2016.10.25"]
[SourceVersion "1"]
[SourceVersionDate "2016.10.25"]
[SourceQuality "1"]

1. e4 e6 2. d3 d5 3. Nd2 Nf6 4. g3 Be7 5. Bg2 c5 6. Ngf3 Nc6 7. 0-0 b6 8. Re1 Qc7 9. e5 Nd7 10. Qe2 g5 11. g4 h5 12. h3 hxg4 13. hxg4 Bb7 14. Nf1 0-0-0 15. Nxg5 Nd4 16. Qd1 Bxg5 17. Bxg5 Rdg8 18. f4 Rh7 19. c3 Nc6 20. Ne3 Ncxe5 21. fxe5 Rxg5 22. d4 f6 23. Qd2 Rhg7 24. exf6 Nxf6 25. Qf2 Nxg4 26. Qf8+ Qd8 27. Qxd8+ Kxd8 28. Nxg4 Rxg4 29. Re2 cxd4 30. cxd4 Rxd4 31. Rae1 Rdg4 32. Kh1 Rxg2 33. Rxg2 d4 34. Reg1 d3 0-1

[Event "Novara op-A"]
[Site "Novara"]
[Date "2013.11.03"]
[Round "5"]
[White "Ranieri, Fabrizio"]
[Black "Bargeri, Ludovico"]
[Result "1/2-1/2"]
[WhiteElo "2277"]
[BlackElo "2122"]
[PlyCount "33"]
[EventDate "2013.11.01"]
[EventType "swiss"]
[EventRounds "5"]
[EventCountry "ITA"]
[SourceTitle "EXT 2014"]
[Source "ChessBase"]
[SourceDate "2013.11.20"]
[SourceVersion "1"]
[SourceVersionDate "2013.11.20"]
[SourceQuality "1"]

1. e4 e6 2. d4 d5 3. Nc3 Bb4 4. e5 c5 5. a3 Bxc3+ 6. bxc3 Qa5 7. Bd2 Qa4 8. Nf3 b6 9. dxc5 bxc5 10. Bg5 Ba6 11. Bf4 Nd7 12. Nd2 Kf8 13. Bg3 Qc4 14. f4 f6 15. exf6 gxf6 16. h3 h5 17. f5 1/2-1/2

[Event "Ivrea Autumn Cup 24th"]
[Site "Ivrea"]
[Date "2013.10.24"]
[Round "3"]
[White "Grosso, Giacomo"]
[Black "Ranieri, Fabrizio"]
[Result "0-1"]
[WhiteElo "1282"]
[BlackElo "2277"]
[PlyCount "46"]
[EventDate "2013.10.10"]
[EventType "swiss"]
[EventRounds "9"]
[EventCountry "ITA"]
[SourceTitle "EXT 2017"]
[Source "ChessBase"]
[SourceDate "2016.10.25"]
[SourceVersion "1"]
[SourceVersionDate "2016.10.25"]
[SourceQuality "1"]

1. e4 e6 2. d4 d5 3. Nc3 Nf6 4. e5 Nfd7 5. f4 c5 6. Nf3 Nc6 7. Be3 cxd4 8. Nxd4 Qb6 9. Na4 Qa5+ 10. c3 Nxd4 11. Bxd4 b5 12. b4 Qxa4 13. Qxa4 bxa4 14. Bb5 Bb7 15. Bxa4 a5 16. bxa5 Rxa5 17. Bxd7+ Kxd7 18. Rb1 Ba6 19. Rb2 Ba3 20. Rd2 Bc1 21. Rf2 Rb8 22. h4 Rb1 23. Kd1 Ba3+ 0-1

[Event "Ivrea Autumn Cup 24th"]
[Site "Ivrea"]
[Date "2013.10.10"]
[Round "1"]
[White "Gennaro, Isabella"]
[Black "Ranieri, Fabrizio"]
[Result "0-1"]
[WhiteElo "1734"]
[BlackElo "2277"]
[PlyCount "32"]
[EventDate "2013.10.10"]
[EventType "swiss"]
[EventRounds "9"]
[EventCountry "ITA"]
[SourceTitle "EXT 2017"]
[Source "ChessBase"]
[SourceDate "2016.10.25"]
[SourceVersion "1"]
[SourceVersionDate "2016.10.25"]
[SourceQuality "1"]

1. e4 e6 2. d4 d5 3. Nd2 Nf6 4. e5 Nfd7 5. Ngf3 c5 6. c3 Nc6 7. Bd3 Qb6 8. Ng5 cxd4 9. Nxe6 Ndxe5 10. Nxg7+ Bxg7 11. Qe2 Be6 12. Bb5 0-0 13. 0-0 Bg4 14. Nf3 Nxf3+ 15. gxf3 Bh3 16. Re1 dxc3 0-1

[Event "ITA-chT A1.1"]
[Site "Arvier"]
[Date "2013.03.15"]
[Round "1"]
[White "Sgnaolin, Davide"]
[Black "Ranieri, Fabrizio"]
[Result "1-0"]
[WhiteElo "2286"]
[BlackElo "2277"]
[PlyCount "81"]
[EventDate "2013.03.15"]
[EventType "team"]
[EventRounds "5"]
[EventCountry "ITA"]
[SourceTitle "EXT 2014"]
[Source "ChessBase"]
[SourceDate "2013.11.20"]
[SourceVersion "1"]
[SourceVersionDate "2013.11.20"]
[SourceQuality "1"]

1. c4 e6 2. Nf3 d5 3. b3 Nf6 4. Bb2 Be7 5. g3 0-0 6. Bg2 c5 7. 0-0 Nc6 8. e3 b6 9. Nc3 Bb7 10. cxd5 Nxd5 11. Nxd5 Qxd5 12. Ne5 Qd6 13. d4 cxd4 14. exd4 Na5 15. Bxb7 Nxb7 16. Rc1 Qd5 17. Qe2 Bd6 18. Nc4 Rfd8 19. Ne3 Qe4 20. Rfd1 h6 21. d5 exd5 22. Rd4 Qe6 23. Rxd5 Bc5 24. Re5 Qg6 25. Nf5 Kh7 26. Nxg7 Bd6 27. Re4 Nc5 28. Rg4 Qd3 29. Qc2 Rg8 30. Nh5 Rxg4 31. Nf6+ Kg6 32. Nxg4 Re8 33. Ne3 Be7 34. Qxd3+ Nxd3 35. Rc6+ Kh7 36. Bd4 Ne1 37. Kf1 Nf3 38. Bc3 Bc5 39. Kg2 Ng5 40. Ng4 Re2 41. Rxh6+ 1-0

[Event "Ivrea Eporediese op 30th"]
[Site "Ivrea"]
[Date "2013.02.19"]
[Round "5"]
[White "Bosticardo, Tommaso"]
[Black "Ranieri, Fabrizio"]
[Result "0-1"]
[WhiteElo "1837"]
[BlackElo "2304"]
[PlyCount "58"]
[EventDate "2013.01.19"]
[EventType "swiss"]
[EventRounds "9"]
[EventCountry "ITA"]
[SourceTitle "EXT 2014"]
[Source "ChessBase"]
[SourceDate "2013.11.20"]
[SourceVersion "1"]
[SourceVersionDate "2013.11.20"]
[SourceQuality "1"]

1. d4 d5 2. c4 e6 3. Nc3 c6 4. e3 Nf6 5. Nf3 Nbd7 6. Qc2 Be7 7. Be2 0-0 8. 0-0 a6 9. b3 b6 10. Bb2 Bb7 11. e4 dxe4 12. Nxe4 c5 13. Ng3 Rc8 14. Rad1 Qc7 15. Ng5 h6 16. N5e4 cxd4 17. Bxd4 b5 18. Qb1 bxc4 19. Bxc4 Rfd8 20. Rfe1 Qf4 21. Nxf6+ Nxf6 22. Be5 Qh4 23. h3 Bc5 24. Qb2 a5 25. Rd2 Qg5 26. Bd4 Bb4 27. Be3 Rxd2 28. Qc1 Qd5 29. Bxd5 Rxc1 0-1

[Event "Ivrea Eporediese op 30th"]
[Site "Ivrea"]
[Date "2013.01.31"]
[Round "3"]
[White "Paonessa, Denis"]
[Black "Ranieri, Fabrizio"]
[Result "1-0"]
[WhiteElo "1845"]
[BlackElo "2304"]
[PlyCount "47"]
[EventDate "2013.01.19"]
[EventType "swiss"]
[EventRounds "9"]
[EventCountry "ITA"]
[SourceTitle "EXT 2014"]
[Source "ChessBase"]
[SourceDate "2013.11.20"]
[SourceVersion "1"]
[SourceVersionDate "2013.11.20"]
[SourceQuality "1"]

1. d4 d5 2. c4 e6 3. Nc3 Nf6 4. Bg5 Nbd7 5. e3 c6 6. Nf3 Be7 7. Bd3 a6 8. c5 e5 9. dxe5 Ng4 10. Bf4 Nxc5 11. Bc2 h5 12. h3 Nh6 13. Nd4 g5 14. Bh2 g4 15. hxg4 Nxg4 16. Nf5 Bxf5 17. Bxf5 Qb6 18. Qe2 Nd7 19. e6 fxe6 20. Bxe6 0-0-0 21. Bf4 Bb4 22. 0-0 Bxc3 23. bxc3 Qc5 24. Rab1 1-0

[Event "Robecchetto op 23rd"]
[Site "Robecchetto"]
[Date "2012.12.28"]
[Round "3"]
[White "Ranieri, Fabrizio"]
[Black "Ranfagni, Stefano"]
[Result "1/2-1/2"]
[WhiteElo "2304"]
[BlackElo "2040"]
[PlyCount "52"]
[EventDate "2012.12.27"]
[EventType "swiss"]
[EventRounds "6"]
[EventCountry "ITA"]
[SourceTitle "EXT 2014"]
[Source "ChessBase"]
[SourceDate "2013.11.20"]
[SourceVersion "1"]
[SourceVersionDate "2013.11.20"]
[SourceQuality "1"]

1. e4 e5 2. Nf3 Nc6 3. Bc4 Bc5 4. d3 Nf6 5. a3 a5 6. Nc3 h6 7. 0-0 d6 8. h3 Be6 9. Bxe6 fxe6 10. Be3 Nd4 11. Bxd4 Bxd4 12. Nxd4 exd4 13. Ne2 e5 14. f4 Qe7 15. c3 dxc3 16. Nxc3 c6 17. d4 0-0 18. Qb3+ Kh8 19. fxe5 dxe5 20. d5 Qc5+ 21. Kh2 cxd5 22. exd5 Qc7 23. Rad1 Rad8 24. Nb5 Qc5 25. d6 e4 26. a4 e3 1/2-1/2